Central Library OPAC University of Rajshahi

Rank correlation methods / (Record no. 35619)

MARC details
000 -LEADER
fixed length control field 00735nam a2200253 a 4500
001 - CONTROL NUMBER
control field 35619
003 - CONTROL NUMBER IDENTIFIER
rucl marc code BD-RjUL
005 - DATE AND TIME OF LATEST TRANSACTION
control field 20211209052343.0
008 - FIXED-LENGTH DATA ELEMENTS--GENERAL INFORMATION
fixed length control field 140528s1990 enka 001 0 eng d
020 ## - INTERNATIONAL STANDARD BOOK NUMBER
International Standard Book Number 0852643055
035 ## - SYSTEM CONTROL NUMBER
System control number (BD-RjUL)35714
040 ## - CATALOGING SOURCE
Transcribing agency BD-RjUL
082 ## - DEWEY DECIMAL CLASSIFICATION NUMBER
Classification number 519.5
Author mark and year KER 1962
100 1# - MAIN ENTRY--PERSONAL NAME
Personal name Kendall, Maurice G.
Fuller form of name (Maurice George),
Dates associated with a name 1907-1983.
9 (RLIN) 168
245 10 - TITLE STATEMENT
Title Rank correlation methods /
250 ## - EDITION STATEMENT
Edition statement 3th ed. /
260 ## - PUBLICATION, DISTRIBUTION, ETC. (IMPRINT)
Place of publication, distribution, etc. London :
Name of publisher, distributor, etc. Edward Arnold,
Date of publication, distribution, etc. c1962
300 ## - PHYSICAL DESCRIPTION
Pagination vii, 260 p. ;
Size 24 cm
500 ## - GENERAL NOTE
General note A Charles Griffin title
504 ## - BIBLIOGRAPHY, ETC. NOTE
Bibliography, etc Includes bibliographical references
650 #0 - SUBJECT ADDED ENTRY--TOPICAL TERM
Topical term or geographic name as entry element Correlation (Statistics)
9 (RLIN) 22463
700 1# - ADDED ENTRY--PERSONAL NAME
Personal name Gibbons, Jean Dickinson,
Dates associated with a name 1938-
942 ## - ADDED ENTRY ELEMENTS (KOHA)
Source of classification or shelving scheme Dewey Decimal Classification
Koha item type Books
Holdings
Lost status Source of classification or shelving scheme Damaged status Not for loan Collection code Permanent Location Current Location Shelving location Date acquired Source of acquisition Total Checkouts Full call number Date last seen Copy number Koha item type Cost, normal purchase price
  Dewey Decimal Classification     Non-fiction Central Library, University of Rajshahi Central Library, University of Rajshahi     Unknowen Gift   519.5 KER 1962 28/05/2014 C-4 Books  
  Dewey Decimal Classification     Non-fiction Central Library, University of Rajshahi Central Library, University of Rajshahi   01/01/1982 Unkhopaing   519.5 KER 1962 28/05/2014 C-3 Books  
  Dewey Decimal Classification     Non-fiction Central Library, University of Rajshahi Central Library, University of Rajshahi   16/01/1965 zeetlinger   519.5 KER 1962 12/06/2014 C-2 Books 40.00
  Dewey Decimal Classification     Non-fiction Central Library, University of Rajshahi Central Library, University of Rajshahi   26/06/1963 zeetlinger   519.5 KER 1962 12/06/2014 C-5 Books 40.00
  Dewey Decimal Classification     Non-fiction Central Library, University of Rajshahi Central Library, University of Rajshahi   27/03/1964 zeetlinger   519.5 KER 1962 12/06/2014 C-6 Books 40.00
  Dewey Decimal Classification     Non-fiction Central Library, University of Rajshahi Central Library, University of Rajshahi   16/01/1965 zeetlinger   519.5 KER 1962 12/06/2014 C-4 Books 40.00
  Dewey Decimal Classification     Non-fiction Central Library, University of Rajshahi Central Library, University of Rajshahi   27/03/1964 zeetlinger   519.5 KER 1962 12/06/2014 C-7 Books 40.00
  Dewey Decimal Classification   Not For Loan Non-fiction Central Library, University of Rajshahi Central Library, University of Rajshahi Reading Room 27/03/1964 Zeitlinger   519.5 KER 1962 25/06/2014 C-1 Books 40.00